Taylor Swift- cardigan (All Lyrics) - Statistics

General Stats
  • This quiz has been taken 107 times
  • The average score is 276 of 339
Answer Stats
Lyrics % Correct
a
99%
A
99%
new
97%
on
97%
the
97%
The
97%
When
97%
when
97%
you
97%
You
97%
are
96%
I
96%
knew
93%
know
93%
they
93%
Vintage
93%
young,
93%
young
93%
brand
91%
nothing
91%
all
90%
an
90%
And
90%
and
90%
and-
90%
assume
90%
But
90%
me
90%
tee,
90%
your
90%
Your
90%
be
88%
cardigan
88%
like
88%
my
88%
old
88%
phone
88%
to
88%
To
88%
under
88%
Under
88%
heels
87%
High
87%
in
87%
is
87%
was
87%
Was
87%
bed
85%
favorite
85%
kiss
85%
said
85%
someone's
85%
we
85%
felt
84%
friend
84%
none
82%
put
82%
girls,
78%
cobblestones
76%
lose
76%
two
76%
'Cause
75%
one
75%
Chase
74%
Baby,
72%
it
72%
Dancin'
71%
I'm
71%
you'd
71%
You'd
71%
around
69%
better,
69%
Hand
69%
now
69%
Once
69%
once
69%
streetlight,
69%
what-
69%
bars
68%
sweatshirt
68%
bleedin'
66%
drew
66%
Levi's
66%
needed
66%
scars
66%
cars
65%
downtown
65%
Drunk
65%
Line
65%
line
65%
politics
65%
Sensual
65%
stars
65%
lipstick
63%
black
60%
come
60%
lifetimes,
60%
Runnin'
60%
water,
60%
back
59%
for
59%
smile,
59%
twenty
59%
everything
57%
father
57%
long
57%
of
57%
Giving
54%
Leavin'
54%
losing
54%
Peter
53%
time
53%
Wendy,
53%
Chasin'
51%
heartbeat
51%
I'd
51%
miss
51%
tattoo
51%
weekends,
51%
curse
50%
porch
50%
seek
50%
standin'
50%
this
50%
front
49%
grocery
49%
hide-
49%
ifs
49%
last
49%
longest
49%
Sequin
49%
shadows
49%
thrill
49%
haunt
47%
Playing
47%
bloodstain,
46%
light
46%
linger
46%
train
46%
expired
44%
smell
44%
ending
43%
smoke
43%
would
43%
hang
41%
Steppin'
41%
change
40%
Marked
40%
Tried
35%
No matching quizzes found
Score Distribution
Percent of People with Each Score
Percentile by Number Answered
Your Score History
You have not taken this quiz